| 000 | 01863nam a22003254a 4500 | ||
|---|---|---|---|
| 001 | ebr10196189 | ||
| 003 | CaPaEBR | ||
| 006 | m u | ||
| 007 | cr cn||||||||| | ||
| 008 | 061002s2007 nyu sb 001 0 eng | ||
| 010 | _z 2006032543 | ||
| 020 | _z0814409180 | ||
| 020 | _z9780814409183 | ||
| 040 |
_aCaPaEBR _cCaPaEBR |
||
| 035 | _a(OCoLC)162145804 | ||
| 043 | _an-us--- | ||
| 050 | 1 | 4 |
_aKF3455.Z9 _bH365 2007eb |
| 082 | 0 | 4 |
_a344.7301 _222 |
| 100 | 1 |
_aHanna, Thomas M., _d1936- |
|
| 245 | 1 | 4 |
_aThe employer's legal advisor _h[electronic resource] : _bhandling problem employees effectively, knowing when and how to work with an attorney, staying out of court-- or winning your case if you get there / _cThomas M. Hanna. |
| 260 |
_aNew York : _bAmacom, _cc2007. |
||
| 300 | _aix, 211 p. | ||
| 504 | _aIncludes bibliographical references and index. | ||
| 505 | 0 | _aEmployment law at work -- Good intentions are only a start -- Eliminating problems before they arise -- Communications strategies to help you avoid legal woes -- Investigating problems and preserving evidence -- Knowing why things happen strengthens your case -- Trusting but verifying -- Advantages and pitfalls of electronic devices -- Making your decision -- Implementing your decision -- Paperwork and reality -- Unemployment compensation claims -- Problem employees -- Employees with special issues -- Things you should know. | |
| 533 |
_aElectronic reproduction. _bPalo Alto, Calif. : _cebrary, _d2013. _nAvailable via World Wide Web. _nAccess may be limited to ebrary affiliated libraries. |
||
| 650 | 0 |
_aLabor laws and legislation _zUnited States _vPopular works. |
|
| 655 | 7 |
_aElectronic books. _2local |
|
| 710 | 2 | _aebrary, Inc. | |
| 856 | 4 | 0 |
_uhttp://site.ebrary.com/lib/rucke/Doc?id=10196189 _zAn electronic book accessible through the World Wide Web; click to view |
| 999 |
_c115998 _d115998 |
||